| 000 | 01020nam0a22002411 4500 | ||
|---|---|---|---|
| 001 | rc\2803949 | ||
| 005 | 20250806210442.0 | ||
| 035 | _a(NLR Aleph) 006929936 | ||
| 090 |
_a35371 _c35371 |
||
| 100 | _a20110915d1944 u y0rusy50 ca | ||
| 101 | 0 | _arus | |
| 102 | _aRU | ||
| 105 | _ay z ||||| | ||
| 200 | 1 |
_aХудожественная кинематография в дни Великой Отечественной войны _e(Творч. совещание 28 июня-1 июля 1944 г.) _e[Выступления участников] _fКом. по делам кинематографии при СНК СССР. Правл. Моск. дома кино |
|
| 210 |
_aМосква _cГоскиноиздат _d1944 _gтип. "Кр. звезда" |
||
| 215 |
_a59 с., без обл. _d25 см. |
||
| 801 | 0 |
_aRU _bNLR _gpsbo |
|
| 801 | 1 |
_aRU _bELAR _2rusmarc |
|
| 852 |
_aNLR _jИс70 Г-8/14 |
||
| 942 | _cBOOK | ||
| 945 | _aРоссийская национальная библиотека | ||
| 980 | _aNB | ||
| 980 | _aBV | ||